<?xml version="1.0" encoding="UTF-8"?>
<record
    xmlns:xsi="http://www.w3.org/2001/XMLSchema-instance"
    xsi:schemaLocation="http://www.loc.gov/MARC21/slim http://www.loc.gov/standards/marcxml/schema/MARC21slim.xsd"
    xmlns="http://www.loc.gov/MARC21/slim">

  <leader>03131nam a22002657a 4500</leader>
  <controlfield tag="003">DO-SdBJH</controlfield>
  <controlfield tag="005">20260702190155.0</controlfield>
  <controlfield tag="008">260701b2025    |||||||| |||| 00| 0 spa d</controlfield>
  <datafield tag="040" ind1=" " ind2=" ">
    <subfield code="a">DO-SdBJH</subfield>
    <subfield code="b">spa</subfield>
    <subfield code="c">DO-SdBJH</subfield>
  </datafield>
  <datafield tag="041" ind1="0" ind2=" ">
    <subfield code="a">spa</subfield>
  </datafield>
  <datafield tag="090" ind1=" " ind2=" ">
    <subfield code="a">CT CM-0012</subfield>
    <subfield code="b">AMBC 2025</subfield>
  </datafield>
  <datafield tag="100" ind1="1" ind2=" ">
    <subfield code="a">Batista Pujols, Nayeli</subfield>
    <subfield code="e">Sustentante</subfield>
  </datafield>
  <datafield tag="245" ind1="1" ind2="0">
    <subfield code="a">An&#xE1;lisis sobre las implicaciones del personal del Ej&#xE9;rcito de Rep&#xFA;blica Dominicana (ERD) en tareas ajenas a la seguridad del espacio terrestre fronterizo :</subfield>
    <subfield code="b">per&#xED;odo 2023-2024 /</subfield>
    <subfield code="c">Nayeli Batista Pujols ; asesor metodol&#xF3;gico David Aguiar ; asesor de contenido Wascal Montilla Alm&#xE1;nzar.</subfield>
  </datafield>
  <datafield tag="260" ind1=" " ind2=" ">
    <subfield code="a">Santo Domingo, Rep&#xFA;blica Dominicana :</subfield>
    <subfield code="b">UNADE,</subfield>
    <subfield code="c">2025.</subfield>
  </datafield>
  <datafield tag="300" ind1=" " ind2=" ">
    <subfield code="a">xv, 84, [03] p&#xE1;ginas :</subfield>
    <subfield code="b">gr&#xE1;ficas, fotograf&#xED;as.</subfield>
  </datafield>
  <datafield tag="502" ind1=" " ind2=" ">
    <subfield code="a">Tesis y trabajos de grado (Licenciatura en Ciencias Militares)--Universidad Nacional para la Defensa "General Juan Pablo Duarte y D&#xED;ez", Academia Militar "Batalla de las Carreras", Santo Domingo, 2025.</subfield>
  </datafield>
  <datafield tag="504" ind1=" " ind2=" ">
    <subfield code="a">Incluye referencias bibliogr&#xE1;ficas y anexos.</subfield>
  </datafield>
  <datafield tag="505" ind1=" " ind2=" ">
    <subfield code="a">Misi&#xF3;n, roles, funciones y actividades que desarrolla el Ej&#xE9;rcito de Rep&#xFA;blica Dominicana para proteger la frontera terrestre -- Caracter&#xED;sticas de la frontera terrestre y su influencia en las tareas, que realizan los miembros del Ej&#xE9;rcito de Rep&#xFA;blica Dominicana -- Implicaciones de la participaci&#xF3;n del personal del Ej&#xE9;rcito de Rep&#xFA;blica Dominicana, en tareas ajenas a la seguridad fronteriza terrestre. </subfield>
  </datafield>
  <datafield tag="520" ind1=" " ind2=" ">
    <subfield code="a">Este monogr&#xE1;fico analiza las implicaciones operativas, administrativas, legales socioecon&#xF3;micas de la participaci&#xF3;n del Ejercito de la Rep&#xFA;blica Dominicana (ERD) en funciones ajenas a la seguridad fronteriza durante 2023-2024, utilizando un enfoque cualitativo y documental basado en leyes, decretos e informes institucionales. Aunque el marco jur&#xED;dico define claramente las funciones castrenses, en la practica se permite que el ERD asuma tareas civiles como construcci&#xF3;n, log&#xED;stica y apoyo a la seguridad p&#xFA;blica, lo que ha reducido la vigilancia fronteriza y generando un aumento del tr&#xE1;fico il&#xED;cito y la migraci&#xF3;n irregular (30% seg&#xFA;n CESFRONT y DNCD). Esta desviaci&#xF3;n afecta la profesionalizaci&#xF3;n militar, la moral del personal, la cadena de mando y la eficiencia operativa, adem&#xE1;s de provocar repercusiones econ&#xF3;micas y sociales en la regi&#xF3;n fronteriza. Se concluye que estas practicas comprometen la defensa nacional y la estabilidad regional, por lo que se recomienda actualizar el marco doctrinal, definir con claridad las funciones del ERD, fortalecer el presupuesto para equipamiento y entrenamiento y mejorar la coordinaci&#xF3;n interinstitucional e internacional para garantizar una gesti&#xF3;n fronteriza m&#xE1;s activa.</subfield>
  </datafield>
  <datafield tag="650" ind1=" " ind2="7">
    <subfield code="2">lemb</subfield>
    <subfield code="a">Seguridad fronteriza</subfield>
    <subfield code="v">Tesis y disertaciones acad&#xE9;micas</subfield>
    <subfield code="x">Vigilancia fronteriza</subfield>
    <subfield code="x">Operaciones militares</subfield>
    <subfield code="z"> Frontera dominico-haitiana</subfield>
  </datafield>
  <datafield tag="650" ind1=" " ind2="7">
    <subfield code="2">lemb</subfield>
    <subfield code="a">Ej&#xE9;rcito</subfield>
    <subfield code="v">Tesis y disertaciones acad&#xE9;micas</subfield>
    <subfield code="x">Funciones</subfield>
    <subfield code="x">Seguridad nacional</subfield>
    <subfield code="z">Rep&#xFA;blica Dominicana</subfield>
  </datafield>
  <datafield tag="700" ind1="1" ind2=" ">
    <subfield code="a">Aguiar, David</subfield>
    <subfield code="e">asesor metodol&#xF3;gico</subfield>
  </datafield>
  <datafield tag="700" ind1="1" ind2=" ">
    <subfield code="a">Montilla Alm&#xE1;nzar, Wascal</subfield>
    <subfield code="e">asesor de contenido</subfield>
  </datafield>
  <datafield tag="942" ind1=" " ind2=" ">
    <subfield code="2">CL</subfield>
    <subfield code="c">T</subfield>
  </datafield>
  <datafield tag="999" ind1=" " ind2=" ">
    <subfield code="c">8743</subfield>
    <subfield code="d">8743</subfield>
  </datafield>
  <datafield tag="952" ind1=" " ind2=" ">
    <subfield code="0">0</subfield>
    <subfield code="1">0</subfield>
    <subfield code="2">CL</subfield>
    <subfield code="4">0</subfield>
    <subfield code="7">0</subfield>
    <subfield code="8">TG</subfield>
    <subfield code="a">BJHA</subfield>
    <subfield code="b">BJHA</subfield>
    <subfield code="c">GEN</subfield>
    <subfield code="d">2026-07-01</subfield>
    <subfield code="i">25-02606</subfield>
    <subfield code="l">0</subfield>
    <subfield code="o">CT CM-0012 AMBC 2025</subfield>
    <subfield code="p">25-02606</subfield>
    <subfield code="r">2026-07-01 22:00:36</subfield>
    <subfield code="t">e.1</subfield>
    <subfield code="w">2026-07-01</subfield>
    <subfield code="y">T</subfield>
  </datafield>
</record>
